000239438 001__ 239438
000239438 005__ 20240928174942.0
000239438 0247_ $$aG:(GEPRIS)40977331$$d40977331
000239438 035__ $$aG:(GEPRIS)40977331
000239438 040__ $$aGEPRIS$$chttp://gepris.its.kfa-juelich.de
000239438 150__ $$aUntersuchung ökohydrologischer Prozesse und deren Rückkopplungen im Boden-Pflanzen-Kontinuum auf verschiedenen Raum- und Zeitskalen (C01)$$y2007 - 2018
000239438 371__ $$aDr. Heye Bogena
000239438 371__ $$aProfessor Dr. Bernd Diekkrüger
000239438 371__ $$aDr. Andreas Lücke
000239438 450__ $$aDFG project G:(GEPRIS)40977331$$wd$$y2007 - 2018
000239438 5101_ $$0I:(DE-588b)2007744-0$$aDeutsche Forschungsgemeinschaft$$bDFG
000239438 550__ $$0G:(GEPRIS)15232683$$aTRR 32: Muster und Strukturen in Boden-Pflanzen-Atmosphären-Systemen: Erfassung, Modellierung und Datenassimilation$$wt
000239438 680__ $$aDie Ziele sind a) die Untersuchung der Rückkopplungen im Boden-Pflanzen-Atmosphären-System hinsichtlich Wachstum und Wasserverbrauch von Bäumen mit dem CLM, b) die Analyse und Simulation der unterirdischen Wasserflüsse mit ParFlow unter Verwendung stabiler Isotope, c) die Untersuchung der Auswirkung von Landnutzungsänderung auf die Verweilzeiten von Wasser im Vergleich von Grünland und Wald und d) die Verbesserung der mit TerrSysMP simulierten Bodenfeuchtefeldern. Lokale und nicht lokale Kontrollgrößen der Bodenfeuchtedynamik werden untersucht und Skalierungsansätze zur Optimierung der Datenassimilation entwickelt.
000239438 909CO $$ooai:juser.fz-juelich.de:895293$$pauthority$$pauthority:GRANT
000239438 909CO $$ooai:juser.fz-juelich.de:895293
000239438 980__ $$aG
000239438 980__ $$aAUTHORITY